Countries with the lowest gun rate - Statistics

General Stats
  • This quiz has been taken 156 times
  • The average score is 5 of 20
Answer Stats
Gun owners Country % Correct
00.6% Japan
81%
00.5% Singapore
47%
00.6% North Korea
37%
00.8% Nepal
32%
00.5% Fiji
31%
00.5% Indonesia
28%
00.3% Timor-Leste
24%
00.7% Niger
23%
00.4% Solomon Islands
23%
00.5% Bangladesh
20%
00.4% Ethiopia
18%
00.4% Ghana
18%
00.6% Haiti
15%
00.7% Lithuania
14%
00.5% Eritrea
13%
00.6% Rwanda
12%
00.7% Malawi
10%
00.6% Sierra Leone
9%
00.7% Romania
8%
00.1% Tunisia
5%
No matching quizzes found
Score Distribution
Percent of People with Each Score
Percentile by Number Answered
Your Score History
You have not taken this quiz